<?xml version="1.0" encoding="UTF-8"?>
<marc:record xmlns:marc="http://www.loc.gov/MARC21/slim">
   <marc:leader>00000nam a2200000 a 4500</marc:leader>
   <marc:datafield ind1=" " ind2=" " tag="653">
      <marc:subfield code="a">Spielfilm</marc:subfield>
   </marc:datafield>
   <marc:datafield ind1=" " ind2=" " tag="653">
      <marc:subfield code="a">Noir-Thriller</marc:subfield>
   </marc:datafield>
   <marc:datafield ind1=" " ind2=" " tag="653">
      <marc:subfield code="a">Thriller</marc:subfield>
   </marc:datafield>
   <marc:datafield ind1=" " ind2=" " tag="653">
      <marc:subfield code="a">Südkorea</marc:subfield>
   </marc:datafield>
   <marc:datafield ind1="0" ind2="0" tag="245">
      <marc:subfield code="a">Die Frau im Nebel</marc:subfield>
   </marc:datafield>
   <marc:datafield ind1=" " ind2="1" tag="264">
      <marc:subfield code="a">Planegg</marc:subfield>
      <marc:subfield code="b">Plaion Pictures</marc:subfield>
      <marc:subfield code="c">2023</marc:subfield>
   </marc:datafield>
   <marc:datafield ind1="1" ind2=" " tag="520">
      <marc:subfield code="a">Ein passionierter Hobbykletterer stürzt beim Bergsteigen in den Tod. Alles deutet auf einen tragischen Unfall hin, Kommissar Jang hat jedoch seine Zweifel. Schnell fällt sein Verdacht auf Seo-rae, die schöne Witwe des Verstorbenen. Doch schon bald gerät der Polizist in den Bann der so verletzlich wirkenden jungen Frau, und er wird regelrecht besessen von ihr. Beide spielen ein Spiel, dass sie schon bald nicht mehr unter Kontrolle haben.&#xD;
&#xD;
Ein neues Meisterwerk des südkoreanischen Kult-Regisseurs Park Chan-wook (OLDBOY, DIE TASCHENDIEBIN): DIE FRAU IM NEBEL erweist sich als genialer Drahtseilakt zwischen mitreißendem Film Noir und melodramatischer Liebesgeschichte, von feinem Humor durchsetzt, zutiefst bewegend erzählt und bis zum Schluss hochspannend. Eine bildgewaltige Hommage an den großen Alfred Hitchcock, die bei den Filmfestspielen von Cannes nicht nur die Kritiker begeisterte, sondern auch völlig zu Recht mit dem Regie-Preis ausgezeichnet wurde.</marc:subfield>
   </marc:datafield>
   <marc:datafield ind1="3" ind2=" " tag="024">
      <marc:subfield code="a">4020628677206</marc:subfield>
   </marc:datafield>
   <marc:datafield ind1=" " ind2=" " tag="041">
      <marc:subfield code="a">ger</marc:subfield>
   </marc:datafield>
   <marc:datafield ind1="1" ind2=" " tag="521">
      <marc:subfield code="a">FSK ab 16 freigegeben</marc:subfield>
   </marc:datafield>
   <marc:datafield ind1="1" ind2=" " tag="521">
      <marc:subfield code="a">16</marc:subfield>
   </marc:datafield>
   <marc:datafield ind1=" " ind2=" " tag="300">
      <marc:subfield code="a">1 DVD</marc:subfield>
   </marc:datafield>
</marc:record>
